A NavPress Bible study on the book of 2 Corinthians (Record no. 7268)
[ view plain ]
| 000 -LEADER | |
|---|---|
| fixed length control field | 00553nam a2200193Ia 4500 |
| 003 - CONTROL NUMBER IDENTIFIER | |
| control field | GBCCL |
| 005 - DATE AND TIME OF LATEST TRANSACTION | |
| control field | 20241126110624.0 |
| 008 - FIXED-LENGTH DATA ELEMENTS--GENERAL INFORMATION | |
| fixed length control field | 180723b ||||| |||| 00| 0 eng d |
| 020 ## - INTERNATIONAL STANDARD BOOK NUMBER | |
| International Standard Book Number | 0891099514 |
| 040 ## - CATALOGING SOURCE | |
| Transcribing agency | gbc |
| 082 ## - DEWEY DECIMAL CLASSIFICATION NUMBER | |
| Classification number | 227.3007 |
| Item number | NAV |
| 110 ## - MAIN ENTRY--CORPORATE NAME | |
| Corporate name or jurisdiction name as entry element | Navigators (Religious organization) |
| 9 (RLIN) | 12865 |
| 245 ## - TITLE STATEMENT | |
| Title | A NavPress Bible study on the book of 2 Corinthians |
| 260 ## - PUBLICATION, DISTRIBUTION, ETC. | |
| Date of publication, distribution, etc. | Colorado Springs, CO : |
| Place of publication, distribution, etc. | NavPress, |
| Name of publisher, distributor, etc. | 1996. |
| 300 ## - PHYSICAL DESCRIPTION | |
| Extent | 128p.; |
| 440 ## - SERIES STATEMENT/ADDED ENTRY--TITLE | |
| Title | Life change series. |
| 9 (RLIN) | 12866 |
| 650 ## - SUBJECT ADDED ENTRY--TOPICAL TERM | |
| Topical term or geographic name entry element | 2 Corinthians |
| Form subdivision | study |
| 9 (RLIN) | 12867 |
| 942 ## - ADDED ENTRY ELEMENTS (KOHA) | |
| Source of classification or shelving scheme | Dewey Decimal Classification |
| Koha item type | Books |
| Koha issues (borrowed), all copies | 4 |
| Withdrawn status | Lost status | Source of classification or shelving scheme | Damaged status | Not for loan | Home library | Current Library | Shelving location | Date acquired | Total checkouts | Full call number | Barcode | Date last seen | Date last checked out | Copy number | Price effective from | Koha item type |
|---|---|---|---|---|---|---|---|---|---|---|---|---|---|---|---|---|
| Dewey Decimal Classification | GRACE BIBLE COLLEGE | GRACE BIBLE COLLEGE | Biblical Studies | 2018-07-23 | 5 | 227.3007 NAV | 001259 | 2025-08-25 | 2025-08-22 | c.1 | 2018-07-23 | Books |